000 00307nam a2200133 i 4500
001 bg
100 1 _aSZUCS, Ervun
245 0 _aDialogi o naukach technicznych /
_cErvun Szucs.
260 _aWarszawa,
_c1974.
040 _cBPK
041 _apol
942 _cKS
008 s pl f |000 0 pol
999 _c26138
_d26138
856 _uhttp://koha.tu.koszalin.pl/cgi-bin/koha/opac-detail.pl?biblionumber=26138
_yKatalog online BPK